• 首页
  • 本馆介绍
  • 公告通知
  • 最新文献
  • 馆藏检索
  • 电子资源
  • 读者导购
  • 参考咨询
  • 我的图书馆
  • 登录
  • 详细信息显示
  • 放入我的书架
  • 预约/预借图书
  • 作者相关作品
  • 分类相关作品
  • 丛书相关作品
  • 出版社相关作品

书目信息

  • 表格格式
  • 工作单格式
  • 卡片格式
题名:
利玛窦中国扎记
    
 
作者: 金尼阁 , 利玛窦 著 ;何济高 译
分册: 下册  
出版信息: 北京   中华书局  1983.3
页数: 312-705页
开本: 20cm
丛书名:
单 册:
中图分类: K248.3
科图分类:
主题词: 中国--历史
电子资源:
ISBN:
000 00586nam0 2200205 45
001 0312221749
005 20060817082836.89
010    @dCNY2.30
100    @a20031222d1983 km y0chiy0120 ea
101    @achi
200 1  @a利玛窦中国扎记@h下册@ALi Ma Dou Zhong Guo Zha Ji@f(意)利玛窦,金尼阁著@F(Yi)Li Ma Dou,Jin Ni Ge Zhu@g何济高译
210    @a北京@c中华书局@d1983.3
215    @a312-705页@d20cm
606 0  @a中国@x历史
690    @aK248.3@v3
701 0  @a金尼阁@4著
701 0  @a利玛窦@4著
702 0  @a何济高@4译
801    @aCN@bTSTCL@c20060817
905    @dK248.3@e14:2@f2@b115467-468
    
    利玛窦中国扎记.下册/(意)利玛窦,金尼阁著/何济高译.-北京:中华书局,1983.3
    312-705页;20cm
    
    
    ISBN :CNY2.30
    
●
相关链接 在E读中查询图书 在五车中查询图书 在当当中查询图书 在豆瓣中查询图书


正题名:利玛窦中国扎记     索取号:K248.3/14:2         预约/预借

序号 登录号 条形码 馆藏地/架位号 状态 备注
1 0115464   001858190   密集书库/ [索取号:K248.3/14:2] 在馆    
2 0115465   001858270   密集书库/ [索取号:K248.3/14:2] 在馆    
3 0115466   001858234   密集书库/ [索取号:K248.3/14:2] 在馆    
4 0115467   001312163   第二样本阅览室/ [索取号:K248.3/14:2] 在馆    
5 0115468   001312154   第二借阅区/ [索取号:K248.3/14:2] 在馆    
6 0115469   001858458   密集书库/ [索取号:K248.3/14:2] 在馆    
7 0115470   001858396   密集书库/ [索取号:K248.3/14:2] 在馆    
8 0115471   001858430   密集书库/ [索取号:K248.3/14:2] 在馆    
9 0465993   204659930   密集书库/ [索取号:K248.3/14:2] 在馆    
唐山师范学院图书馆 欢迎您!
大连网信软件有限公司© 版权所有